Central Library OPAC University of Rajshahi

Arrowsmith / (Record no. 76802)

MARC details
000 -LEADER
fixed length control field 00957cam a22003012a 4500
001 - CONTROL NUMBER
control field 76802
003 - CONTROL NUMBER IDENTIFIER
rucl marc code BD-RjUL
005 - DATE AND TIME OF LATEST TRANSACTION
control field 20211209082906.0
008 - FIXED-LENGTH DATA ELEMENTS--GENERAL INFORMATION
fixed length control field 860101s1925 gw 000 0 eng d
035 ## - SYSTEM CONTROL NUMBER
System control number (BD-RjUL)77026
040 ## - CATALOGING SOURCE
Original cataloging agency MdBJ
Transcribing agency OUN
Modifying agency OUN
-- EQO
Language of cataloging eng
041 ## - LANGUAGE CODE
Language code of text/sound track or separate title eng
082 ## - DEWEY DECIMAL CLASSIFICATION NUMBER
Edition number 22
Author mark and year LEA 1945
Classification number 813.52
090 ## - LOCALLY ASSIGNED LC-TYPE CALL NUMBER (OCLC); LOCAL CALL NUMBER (OCLC)
Classification number (OCLC) (R) ; Classification number, CALL (RLIN) (NR) PS3523.E94
Local cutter number (OCLC) ; Book number/undivided call number, CALL (RLIN) A7 1925z
092 ## - LOCALLY ASSIGNED DEWEY CALL NUMBER (OCLC)
Classification number D0503669289
100 1# - MAIN ENTRY--PERSONAL NAME
Personal name Lewis, Sinclair,
Dates associated with a name 1885-1951.
9 (RLIN) 237956
245 10 - TITLE STATEMENT
Title Arrowsmith /
Statement of responsibility, etc. Sinclair Lewis
250 ## - EDITION STATEMENT
Edition statement Copyright ed
260 ## - PUBLICATION, DISTRIBUTION, ETC. (IMPRINT)
Place of publication, distribution, etc. Leipzig :
Name of publisher, distributor, etc. B. Tauchnitz,
Date of publication, distribution, etc. 1925 [1945]
300 ## - PHYSICAL DESCRIPTION
Pagination 464 p. ;
Size 16 cm
490 1# - SERIES STATEMENT
Series statement Collection of British and American authors ;
Volume/sequential designation no. 4694
650 ## - SUBJECT ADDED ENTRY--TOPICAL TERM
Topical term or geographic name as entry element Physicians
Form subdivision Fiction.
9 (RLIN) 237957
Topical term or geographic name as entry element Medicine
Form subdivision Practice
General subdivision Fiction.
9 (RLIN) 237958
Topical term or geographic name as entry element Medicine
Form subdivision Research
General subdivision Fiction.
9 (RLIN) 237959
830 #0 - SERIES ADDED ENTRY--UNIFORM TITLE
Uniform title Collection of British and American authors ;
Volume number/sequential designation no. 4694
942 ## - ADDED ENTRY ELEMENTS (KOHA)
Source of classification or shelving scheme Dewey Decimal Classification
Koha item type Books
Holdings
Lost status Source of classification or shelving scheme Damaged status Not for loan Collection code Permanent Location Current Location Shelving location Date acquired Source of acquisition Total Checkouts Full call number Date last seen Copy number Koha item type
  Dewey Decimal Classification   Not For Loan Non-fiction Central Library, University of Rajshahi Central Library, University of Rajshahi Reading Room 05/04/1962 Asia Foundation , U.S.A.   813.52 LEA 1945 20/01/2020 C-1 Books